Albanskij gegskij govor sela Muchurr (kraina Dibyr)

Titel: Albanskij gegskij govor sela Muchurr (kraina Dibyr) : sintaksis, leksika, ėtnolingvistika, teksty; kleiner Balkansprachatla = ˜Dieœ albanische gegische Mundart von Muhurr (Bezirk Dibër) / Dželjal' Jully; Andrej N. Sobolev
Verfasser: ;
Veröffentlicht: München : Biblion-Verlag, 2003
Umfang: 540 Seiten + CD (12 cm)
Format: E-Book
Sprache: Russisch; Albanisch
Schriftenreihe/
mehrbändiges Werk:
Materialien zum Südosteuropasprachatlas ; 3
RVK-Notation:
Schlagworte:
Vorliegende Ausgabe: Online-Ausgabe: München: BSB, [201X]. - 1 Online-Ressource.
Andere Ausgaben: Elektronische Reproduktion von: Ylli, Xhelal. Albanskij gegskij govor sela Muchurr (kraina Dibyr). - München : Biblion-Verlag, 2003
ISBN: 3932331362
Buchumschlag
X
alg: 30136407
001A    $05000:25-05-12 
001B    $01999:22-10-25 $t15:49:12.000 
001D    $05000:25-05-12 
001U    $0utf8 
001X    $00 
002@    $0Oax 
002C    $aText $btxt $2rdacontent 
002D    $aComputermedien $bc $2rdamedia 
002E    $aOnline-Ressource $bcr $2rdacarrier 
003@    $0301364079 
004A    $03-932331-36-2 
004U    $0urn:nbn:de:bvb:12-bsb00056171-6 $S0 
007A    $0301364079 $aHEB 
007I    $0digi20-bsb00056171-6 
009Q    $S0 $uhttps://nbn-resolving.de/urn:nbn:de:bvb:12-bsb00056171-6 $xR 
010@    $arus $aalb 
011@    $a2003 $n2003 
011B    $a2010 $n[201X] 
017B    $aZDB-57-DSG 
021A    $aAlbanskij gegskij govor sela Muchurr (kraina Dibyr) $dsintaksis, leksika, ėtnolingvistika, teksty; kleiner Balkansprachatla $fDie @albanische gegische Mundart von Muhurr (Bezirk Dibër) $hDželjal' Jully; Andrej N. Sobolev 
028A    $BVerfasser $#Ylli, Xhelal $#Jully, Dželjalʹ $#I︠U︡lly, Dzheli︠a︡lʹ $#Jully, Dželjal' $4aut $D20220215 $Ecgwrk $7143259482 $8Ylli, Xhelal [Tp1] $9230279457 
028C    $BVerfasser $#Соболев, Андрей Н. $#Sobolev, Andrej Nikolaevič $#Sobolev, A. N. $#Sobolev, A.N. $#Sobolev, Andreas N. $#Sobolev, Andrei N. $#Sobolev, Andreĭ N. $#Sobolev, Andrej $#Sobolev, Andrey N. $#Соболев, Андрей Николаевич $4aut $D20220215 $Ecgwrk $7142662860 $8Sobolev, Andrej N.$Z1965- [Tp3] $9228280389 
033A    $pMünchen $nBiblion-Verlag 
033N    $pMünchen $nBSB 
033Q    $a1 Online-Ressource 
034D    $a540 Seiten 
034K    $aCD (12 cm) 
036E    $aMaterialien zum Südosteuropasprachatlas $l3 
037G    $aOnline-Ausgabe: 
039I    $aElektronische Reproduktion von $tAlbanskij gegskij govor sela Muchurr (kraina Dibyr) $dMünchen $eBiblion-Verlag $f2003 $lYlli, Xhelal 
044K    $qDNB $RAlbanisch $74019725-6 $8Gegisch [Ts1] $9085046930 
044K    $qDNB $RRegionalsprache $#Dialects $#Régionalismes (linguistique) $#Dialetti $#Dialekt Linguistik $#Regiolekt $#Mundarten $74040725-1 $8Mundart [Ts1] $9085111333 
044K    $qDNB $#Muhurr $#Muhurri $#Muhuri $#Muchurr $74756325-4 $8Muhur [Tg1] $9116004509 
045E    $c491.8 
045F    $eDDC22ger 
045F/01 $a400 
045F/03 $g4965 
045Z    $8EX 220 [Tkv] $9407887814 
046L    $aTeilweise in kyrillischer Schrift, russisch 

lok: 30136407 3

exp: 30136407 3 1 #EPN
201B/01 $025-05-12 $t22:52:43.000 
201U/01 $0utf8 
203@/01 $0643639187 
204U/01 $0urn:nbn:de:bvb:12-bsb00056171-6 $S0 
208@/01 $a25-05-12 $bl 

lok: 30136407 5

exp: 30136407 5 1 #EPN
201B/01 $004-03-22 $t19:37:21.171 
201C/01 $004-03-22 
201U/01 $0utf8 
203@/01 $01184540624 
204U/01 $0urn:nbn:de:bvb:12-bsb00056171-6 $S0 
208@/01 $a04-03-22 $bl 

lok: 30136407 8

exp: 30136407 8 1 #EPN
201B/01 $025-05-12 $t22:52:43.000 
201U/01 $0utf8 
203@/01 $0643639195 
204U/01 $0urn:nbn:de:bvb:12-bsb00056171-6 $S0 
208@/01 $a25-05-12 $bl 

lok: 30136407 11

exp: 30136407 11 1 #EPN
201B/01 $013-06-12 $t22:48:49.000 
201U/01 $0utf8 
203@/01 $064445055X 
204U/01 $0urn:nbn:de:bvb:12-bsb00056171-6 $S0 
208@/01 $a13-06-12 $bl 

lok: 30136407 21

exp: 30136407 21 1 #EPN
201B/01 $013-06-12 $t22:48:49.000 
201U/01 $0utf8 
203@/01 $0644450568 
204U/01 $0urn:nbn:de:bvb:12-bsb00056171-6 $S0 
208@/01 $a13-06-12 $bl 

lok: 30136407 23

exp: 30136407 23 1 #EPN
201B/01 $025-05-12 $t22:52:43.000 
201U/01 $0utf8 
203@/01 $0643639225 
204U/01 $0urn:nbn:de:bvb:12-bsb00056171-6 $S0 
208@/01 $a25-05-12 $bl 

lok: 30136407 24

exp: 30136407 24 1 #EPN
201B/01 $019-02-15 $t22:57:04.841 
201U/01 $0utf8 
203@/01 $0750210605 
204U/01 $0urn:nbn:de:bvb:12-bsb00056171-6 $S0 
208@/01 $a19-02-15 $bl 

lok: 30136407 25

exp: 30136407 25 1 #EPN
201B/01 $025-05-12 $t22:52:43.000 
201U/01 $0utf8 
203@/01 $0643639233 
204U/01 $0urn:nbn:de:bvb:12-bsb00056171-6 $S0 
208@/01 $a25-05-12 $bl 

lok: 30136407 49

exp: 30136407 49 1 #EPN
201B/01 $021-02-20 $t16:35:23.772 
201C/01 $021-02-20 
201U/01 $0utf8 
203@/01 $01083714473 
204U/01 $0urn:nbn:de:bvb:12-bsb00056171-6 $S0 
208@/01 $a21-02-20 $bl 

lok: 30136407 204

exp: 30136407 204 1 #EPN
201B/01 $025-05-12 $t22:52:43.000 
201U/01 $0utf8 
203@/01 $0643639241 
204U/01 $0urn:nbn:de:bvb:12-bsb00056171-6 $S0 
208@/01 $a25-05-12 $bl 

lok: 30136407 205

exp: 30136407 205 1 #EPN
201B/01 $025-05-12 $t22:52:43.000 
201U/01 $0utf8 
203@/01 $064363925X 
204U/01 $0urn:nbn:de:bvb:12-bsb00056171-6 $S0 
208@/01 $a25-05-12 $bl
LEADER 00000cam a22000002c 4500
001 301364079
003 DE-603
005 20251022154912.0
007 cr||||||||||||
008 120525s2003 xx |||| o| u00||u|rus c
020 |a 3932331362 
024 7 |a urn:nbn:de:bvb:12-bsb00056171-6  |2 urn 
035 |a (DE-599)HEB301364079 
040 |a DE-603  |b ger  |c DE-603  |d DE-603 
041 |a rus  |a alb 
084 |a 491.8  |q DE-101  |2 sdnb 
084 |a EX 220  |0 (DE-625)29088:  |0 (DE-603)407887814  |2 rvk 
085 |8 1\u  |b 400 
085 |8 1\u  |z 2  |s 4965 
100 1 |a Ylli, Xhelal  |e Verfasser  |4 aut  |0 (DE-603)230279457  |0 (DE-588)143259482  |2 gnd 
245 0 0 |a Albanskij gegskij govor sela Muchurr (kraina Dibyr)  |b sintaksis, leksika, ėtnolingvistika, teksty; kleiner Balkansprachatla = ˜Dieœ albanische gegische Mundart von Muhurr (Bezirk Dibër)  |c Dželjal' Jully; Andrej N. Sobolev 
264 1 |a München  |b Biblion-Verlag  |c 2003 
300 |a 540 Seiten  |e CD (12 cm) 
336 |a Text  |b txt  |2 rdacontent 
337 |a Computermedien  |b c  |2 rdamedia 
338 |a Online-Ressource  |b cr  |2 rdacarrier 
490 0 |a Materialien zum Südosteuropasprachatlas  |v 3 
530 |a Online-Ausgabe: 
533 |a Online-Ausgabe  |b München  |c BSB  |d [201X]  |e 1 Online-Ressource  |7 s2010uuuuxx u| 
546 |a Teilweise in kyrillischer Schrift, russisch 
650 7 |a Gegisch  |0 (DE-588)4019725-6  |0 (DE-603)085046930  |2 gnd 
650 7 |a Mundart  |0 (DE-588)4040725-1  |0 (DE-603)085111333  |2 gnd 
651 7 |a Muhur  |0 (DE-588)4756325-4  |0 (DE-603)116004509  |2 gnd 
700 1 |a Sobolev, Andrej N.  |d 1965-  |e Verfasser  |4 aut  |0 (DE-603)228280389  |0 (DE-588)142662860  |2 gnd 
776 0 8 |i Elektronische Reproduktion von  |a Ylli, Xhelal  |t Albanskij gegskij govor sela Muchurr (kraina Dibyr)  |d München : Biblion-Verlag, 2003 
856 |u https://nbn-resolving.de/urn:nbn:de:bvb:12-bsb00056171-6  |x Resolving-System  |z kostenfrei 
912 |a ZDB-57-DSG 
924 1 |9 603  |a (DE-603)643639187  |b DE-603  |c HES  |d d 
924 1 |9 603  |a (DE-603)1184540624  |b DE-603  |c HES  |d d 
924 1 |9 603  |a (DE-603)643639195  |b DE-603  |c HES  |d d 
924 1 |9 603  |a (DE-603)64445055X  |b DE-603  |c HES  |d d 
924 1 |9 603  |a (DE-603)644450568  |b DE-603  |c HES  |d d 
924 1 |9 603  |a (DE-603)643639225  |b DE-603  |c HES  |d d 
924 1 |9 603  |a (DE-603)750210605  |b DE-603  |c HES  |d d 
924 1 |9 603  |a (DE-603)643639233  |b DE-603  |c HES  |d d 
924 1 |9 603  |a (DE-603)1083714473  |b DE-603  |c HES  |d d 
924 1 |9 603  |a (DE-603)643639241  |b DE-603  |c HES  |d d 
924 1 |9 603  |a (DE-603)64363925X  |b DE-603  |c HES  |d d